One Queens Park Rangers Player by Nation - Statistics

General Stats
  • This quiz has been taken 146 times
  • The average score is 5 of 10
Answer Stats
Nation Player % Correct
England Andy Impey | David Bardsley | Simon Barker | +54 others
98%
South Korea Yun Suk-young | Park Ji-sung
68%
Brazil Júlio César | Fábio | Sandro | +1 other
66%
Chile Mauricio Isla | Eduardo Vargas
56%
France Djibril Cissé | Loïc Rémy
55%
Ireland Paddy Kenny | Richard Dunne | Reece Grego-Cox | +1 other
50%
Argentina Alejandro Faurlín | Mauro Zárate
40%
Netherlands Leroy Fer | Sieb Dijkstra
40%
Scotland Jamie Mackie | Matt Phillips | Nigel Quashie
34%
Wales Tony Roberts | Karl Ready | Michael Meaker | +2 others
18%
No matching quizzes found
Score Distribution
Percent of People with Each Score
Percentile by Number Answered
Your Score History
You have not taken this quiz